Costituzioni dell'Istituto Secolare Cristo Re. (Record n. 32159)

Dettagli MARC
000 -LEADER
fixed length control field 00659nam a2200205 i 4500
003 - CONTROL NUMBER IDENTIFIER
control field IT-RoINE
005 - DATE AND TIME OF LATEST TRANSACTION
control field 20191004065310.0
008 - FIXED-LENGTH DATA ELEMENTS--GENERAL INFORMATION
fixed length control field 030924s1996 it r 000 | ita d
040 ## - CATALOGING SOURCE
Original cataloging agency PUG
Transcribing agency IT-RoINE
Modifying agency IT-RoINE
110 2# - MAIN ENTRY--CORPORATE NAME
Corporate name or jurisdiction name as entry element Istituto Secolare Cristo Re (Italia)
9 (RLIN) 63082
245 10 - TITLE STATEMENT
Title Costituzioni dell'Istituto Secolare Cristo Re.
260 ## - PUBLICATION, DISTRIBUTION, ETC. (IMPRINT)
Place of publication, distribution, etc [Milano :
Name of publisher, distributor, etc Scuola grafica salesiana,
Date of publication, distribution, etc 1996]
300 ## - PHYSICAL DESCRIPTION
Extent 92 p. ;
Dimensions 15 cm.
336 ## - CONTENT TYPE
Source rdacontent
Content type term text
337 ## - MEDIA TYPE
Source rdamedia
Media type term unmediated
338 ## - CARRIER TYPE
Source rdacarrier
Carrier type term volume
610 24 - SUBJECT ADDED ENTRY--CORPORATE NAME
Corporate name or jurisdiction name as entry element Istituto Secolare Cristo Re (Italia)
General subdivision Reglas
9 (RLIN) 63083
650 #4 - SUBJECT ADDED ENTRY--TOPICAL TERM
9 (RLIN) 63081
Topical term or geographic name as entry element Institutos seculares
General subdivision Reglas
942 ## - ADDED ENTRY ELEMENTS (KOHA)
Item type Monografías
Dati di copia
Withdrawn status Lost status Damaged status Not for loan Home library Current library Date acquired Total Checkouts Full call number Barcode Date last seen Price effective from Koha item type
        Iglesia Nacional Española en Roma Iglesia Nacional Española en Roma 04/10/2019   FUE.HIS.ECL 72 58859 04/10/2019 04/10/2019 Monografías